00337pab a2200133 454500008004000000100002600040245005000066260000900116300001300125362000800138650001100146650001200157773003400169180718b2012 xxu||||| |||| 00| 0 eng d aJose, Justin P. et al aUnwed motherhood among tribals in South India c2012 ap.73-96. aJan aTribes aMothers aIndian Journal of Social Work